[Event "Xtracon Chess Open 2019"]
[Site "Helsingor DEN"]
[Date "2019.07.21"]
[Round "3.160"]
[White "Brokso, Kim"]
[Black "Starup, Leo"]
[Result "1-0"]
[WhiteElo "1732"]
[BlackElo "1556"]
[WhiteFideId "1441477"]
[BlackFideId "1422669"]
[EventDate "2019.07.20"]

1. e4 e5 2. Bc4 Nf6 3. d3 Nc6 4. a4 b6 5. c3 Be7 6. b4 Bb7 7. Nf3 d6 8. Ng5 d5
9. exd5 O-O 10. dxc6 Bxc6 11. O-O h6 12. Nf3 Bd6 13. h3 Rc8 14. Be3 Re8 15. Nh4
Qd7 16. Qd2 Kh7 17. b5 Ba8 18. Qe2 c5 19. Nd2 Kh8 20. Rad1 Qb7 21. f3 Nd5 22.
Bxd5 Qxd5 23. Ne4 Bb8 24. Nf5 Qe6 25. Nfg3 f5 26. Nxf5 Qxf5 27. c4 Rcd8 28. Qe1
Bc7 29. Qh4 Re6 30. g4 Qg6 31. Rd2 Rf8 32. Qg3 Bb7 33. Kg2 Rd8 34. a5 Rd7 35.
axb6 axb6 36. Ra1 Bb8 37. Ra3 Rd8 38. Qh4 Rde8 39. g5 Kg8 40. Qg4 1-0

[Event "Xtracon Chess Open 2019"]
[Site "Helsingor DEN"]
[Date "2019.07.21"]
[Round "3.161"]
[White "Zheng, Jerry Z"]
[Black "Halldorsson, Tobias Kjar"]
[Result "0-1"]
[WhiteElo "1553"]
[BlackElo "1730"]
[WhiteFideId "460990"]
[BlackFideId "1464701"]
[EventDate "2019.07.20"]

1. e4 e5 2. Nf3 Nc6 3. Bc4 Nf6 4. d3 h6 5. O-O Bc5 6. c3 d6 7. Nbd2 a6 8. b4 Ba7
9. a4 Ne7 10. d4 exd4 11. cxd4 O-O 12. Re1 Bg4 13. Qb3 c5 14. e5 dxe5 15. Nxe5
Bh5 16. dxc5 b6 17. c6 b5 18. Be2 Bxf2+ 19. Kxf2 Qd4+ 20. Kf1 Bxe2+ 21. Rxe2
Qxa1 22. Re1 Ned5 23. a5 Qc3 24. Qxc3 Nxc3 25. Ndf3 Ncd5 26. Bd2 Rfe8 27. Rc1
Rac8 28. Rc5 Red8 0-1

[Event "Xtracon Chess Open 2019"]
[Site "Helsingor DEN"]
[Date "2019.07.21"]
[Round "3.162"]
[White "Gade, Jens"]
[Black "Jarlskov, Daniel Tuk Hartso"]
[Result "1/2-1/2"]
[WhiteElo "1528"]
[BlackElo "1716"]
[WhiteFideId "1416111"]
[BlackFideId "1463896"]
[EventDate "2019.07.20"]

1. Nf3 d5 2. g3 c5 3. Bg2 Nc6 4. b3 e5 5. O-O g6 6. d3 Bg7 7. Bb2 Be6 8. e4 d4
9. Bc1 Qd7 10. Ng5 h5 11. Nxe6 Qxe6 12. f4 Nge7 13. fxe5 Nxe5 14. Bf4 h4 15. Qe1
Bf6 16. Nd2 g5 17. Bxe5 Bxe5 18. Nf3 hxg3 19. Nxe5 gxh2+ 20. Kh1 Qxe5 21. Qf2
Rh7 22. Qf3 O-O-O 23. Rf2 Rf8 24. Raf1 b6 25. Qg4+ Kc7 26. Bh3 Qd6 27. Rf6 Qd8
28. Qg3+ Kb7 29. Rd6 Qb8 30. Rff6 Ng6 31. Bf5 Rg7 32. Qxg5 Rfg8 33. Bxg6 Rxg6
34. Qd5+ Ka6 35. Qc4+ Kb7 1/2-1/2

[Event "Xtracon Chess Open 2019"]
[Site "Helsingor DEN"]
[Date "2019.07.21"]
[Round "3.163"]
[White "Opseth, Oliver"]
[Black "Joensen, Sigurd"]
[Result "1-0"]
[WhiteElo "1714"]
[BlackElo "1532"]
[WhiteFideId "1523813"]
[BlackFideId "7200935"]
[EventDate "2019.07.20"]

1. d4 d5 2. Bf4 Nc6 3. e3 e6 4. Nf3 Nf6 5. Bd3 a6 6. c3 Bd7 7. Nbd2 Be7 8. Ne5
h6 9. Qe2 Nh7 10. Rd1 Nxe5 11. dxe5 O-O 12. h4 f5 13. Nf3 c5 14. g4 fxg4 15.
Bxh7+ Kxh7 16. Ng5+ Kg8 17. Qxg4 Rf5 18. Nf3 h5 19. Qg3 Qf8 20. Rg1 Kh7 21. Qg6+
Kg8 22. Bh6 Qf7 23. Qxg7+ Qxg7 24. Rxg7+ Kf8 25. Ng5 Bxg5 26. Rxg5+ Ke7 27. Rxf5
exf5 28. Rxd5 b6 29. Bg5+ Ke8 30. Rd6 b5 31. e6 Bc8 32. Rd8# 1-0

[Event "Xtracon Chess Open 2019"]
[Site "Helsingor DEN"]
[Date "2019.07.21"]
[Round "3.164"]
[White "Jensen, Jonbert M. S."]
[Black "Nielsen, Jorgen Kamp"]
[Result "0-1"]
[WhiteElo "1461"]
[BlackElo "1711"]
[WhiteFideId "1435914"]
[BlackFideId "1413279"]
[EventDate "2019.07.20"]

1. e4 d5 2. exd5 Nf6 3. Bb5+ c6 4. dxc6 bxc6 5. Bc4 Bg4 6. Be2 h5 7. Bf3 e5 8.
h3 Bxf3 9. Nxf3 e4 10. Qe2 Be7 11. Nh2 Qd5 12. Nc3 Qf5 13. O-O O-O 14. f3 Bc5+
15. Kh1 exf3 16. Nxf3 Qxc2 17. Ne1 Qg6 18. Nd3 Bd6 19. Nf4 Bxf4 20. Rxf4 Re8 21.
Rxf6 Rxe2 22. Rxg6 Re1+ 23. Kh2 fxg6 24. Rb1 Nd7 25. b4 a5 26. a3 axb4 27. axb4
Rb8 28. Na2 Rf8 29. b5 h4 0-1

[Event "Xtracon Chess Open 2019"]
[Site "Helsingor DEN"]
[Date "2019.07.21"]
[Round "3.165"]
[White "Nielsen, Kai Gylling"]
[Black "Madsen, Dennis"]
[Result "1-0"]
[WhiteElo "1709"]
[BlackElo "1529"]
[WhiteFideId "1406400"]
[BlackFideId "1425919"]
[EventDate "2019.07.20"]

1. e4 d5 2. exd5 Nf6 3. Nf3 Bg4 4. Be2 Nxd5 5. d3 Nc6 6. O-O e6 7. c4 Nf6 8. Bg5
Qd6 9. Nc3 O-O-O 10. Qa4 a6 11. Bxf6 gxf6 12. c5 Qxc5 13. Qxg4 Bd6 14. Qh4 Rdg8
15. Ne4 Qc2 16. Nxd6+ cxd6 17. Rfe1 Qxb2 18. Bf1 Ne7 19. Qe4 Kd7 20. Reb1 d5 21.
Qa4+ b5 22. Qxa6 Qc3 23. Rc1 Qb4 24. Rab1 Qf4 25. Qxb5+ Kd8 26. Qa5+ Ke8 27.
Qa8+ Kd7 28. Rb7+ 1-0

[Event "Xtracon Chess Open 2019"]
[Site "Helsingor DEN"]
[Date "2019.07.21"]
[Round "3.166"]
[White "Weber, Andreas"]
[Black "Morling, Aase"]
[Result "1-0"]
[WhiteElo "1704"]
[BlackElo "1470"]
[WhiteFideId "24652504"]
[BlackFideId "1440993"]
[EventDate "2019.07.20"]

1. Nf3 Nf6 2. g3 g6 3. Bg2 Bg7 4. O-O O-O 5. d3 d6 6. e4 e5 7. Nbd2 Nc6 8. a4 a5
9. Nc4 h6 10. c3 Be6 11. b3 Bxc4 12. bxc4 Rb8 13. Bd2 Nd7 14. Ne1 Kh7 15. f4 Ne7
16. Rb1 b6 17. f5 gxf5 18. exf5 f6 19. Qh5 Qe8 20. Qh4 Ng8 21. Bc6 Qf7 22. Bf3
Nc5 23. Bh5 Qd7 24. Bg6+ Kh8 25. g4 Qe7 26. Qg3 Nxa4 27. h4 Nc5 28. g5 Nd7 29.
Be3 c5 30. Qh2 e4 31. d4 Rfd8 32. Qd2 Nf8 33. Bh5 d5 34. cxd5 Rxd5 35. c4 Rd7
36. d5 Qe5 37. Bf4 Qe8 1-0

[Event "Xtracon Chess Open 2019"]
[Site "Helsingor DEN"]
[Date "2019.07.21"]
[Round "3.167"]
[White "Linjord, David Jess"]
[Black "Rostrup, Nicolai"]
[Result "1-0"]
[WhiteElo "1701"]
[BlackElo "1462"]
[WhiteFideId "1527690"]
[BlackFideId "1445073"]
[EventDate "2019.07.20"]

1. e4 c5 2. Nf3 Nc6 3. Bb5 d6 4. O-O g6 5. c3 Bd7 6. d4 cxd4 7. cxd4 Bg7 8. Nc3
Qc7 9. Be3 Nf6 10. Qd2 Ng4 11. Nd5 Qd8 12. Bf4 O-O 13. Rfe1 a6 14. Bc4 e5 15.
Bg5 Nf6 16. dxe5 b5 17. exf6 Bh8 1-0

[Event "Xtracon Chess Open 2019"]
[Site "Helsingor DEN"]
[Date "2019.07.21"]
[Round "3.168"]
[White "Schick, Matheo"]
[Black "Kristensen, Thomas Overgaard"]
[Result "1-0"]
[WhiteElo "1451"]
[BlackElo "1700"]
[WhiteFideId "1545280"]
[BlackFideId "1419803"]
[EventDate "2019.07.20"]

1. e4 c6 2. d4 d5 3. exd5 cxd5 4. Bd3 Nf6 5. c3 e6 6. Bf4 Be7 7. Nf3 O-O 8. O-O
Re8 9. Nbd2 Nbd7 10. Re1 Nf8 11. Ne5 Bd6 12. Re3 Qc7 13. Rh3 Ng6 14. Bxg6 hxg6
15. Ndf3 Ng4 16. Nxg4 Bxf4 17. Nge5 Bh6 18. Qd3 Qb6 19. b4 Qc7 20. Nd2 Qd8 21.
Nb3 b6 22. a4 a5 23. bxa5 Ba6 24. Qf3 Rf8 25. axb6 Qxb6 26. Nc5 Qb2 27. Qd1 Be2
28. Qb1 Qd2 29. Ned7 Rfd8 30. Ra2 Qd1+ 31. Qxd1 Bxd1 32. Rd3 Bxa4 33. Nb6 Rdb8
34. Rxa4 Rxa4 35. Ncxa4 1-0

[Event "Xtracon Chess Open 2019"]
[Site "Helsingor DEN"]
[Date "2019.07.21"]
[Round "3.169"]
[White "Madison, Sigurd"]
[Black "Krabbenhoft, Soren"]
[Result "1-0"]
[WhiteElo "1700"]
[BlackElo "1456"]
[WhiteFideId "1711806"]
[BlackFideId "1449117"]
[EventDate "2019.07.20"]

1. e4 e5 2. Nf3 Nc6 3. Nc3 d6 4. d3 Be7 5. Nd5 f5 6. Nxe7 Ngxe7 7. Be2 O-O 8. c3
Be6 9. Ng5 Qd7 10. Bd2 fxe4 11. dxe4 Ng6 12. b3 Nf4 13. Bxf4 Rxf4 14. Nxe6 Rxe4
15. Qd5 1-0

[Event "Xtracon Chess Open 2019"]
[Site "Helsingor DEN"]
[Date "2019.07.21"]
[Round "3.170"]
[White "Kustagi, Zeeshan"]
[Black "Storme, Joel"]
[Result "1/2-1/2"]
[WhiteElo "1690"]
[BlackElo "1448"]
[WhiteFideId "1468839"]
[BlackFideId "1749021"]
[EventDate "2019.07.20"]

1. e4 d5 2. exd5 Qxd5 3. Nc3 Qa5 4. d4 c6 5. Nf3 Nf6 6. Bd3 Bg4 7. h3 Bh5 8. O-O
e6 9. Bd2 Qc7 10. Re1 Nbd7 11. Qe2 O-O-O 12. a3 Nb6 13. Be3 Bd6 14. b4 Nbd5 15.
Na4 Nxe3 16. Qxe3 Bf4 17. Qe2 Rxd4 18. g4 Nxg4 19. Nxd4 Nf6 20. f3 Rd8 21. Nb3
Be3+ 22. Qxe3 Qg3+ 23. Kf1 Bxf3 24. Re2 Bg2+ 25. Kg1 Bf3+ 26. Kf1 1/2-1/2

[Event "Xtracon Chess Open 2019"]
[Site "Helsingor DEN"]
[Date "2019.07.21"]
[Round "3.171"]
[White "Nielsen, Peter"]
[Black "Hein, Jacob"]
[Result "1/2-1/2"]
[WhiteElo "1686"]
[BlackElo "1422"]
[WhiteFideId "1707485"]
[BlackFideId "1402870"]
[EventDate "2019.07.20"]

1. d4 Nf6 2. c4 c5 3. e3 cxd4 4. exd4 e6 5. Bd3 Nc6 6. Nf3 Bb4+ 7. Bd2 Qe7 8.
O-O O-O 9. a3 Bxd2 10. Nbxd2 e5 11. dxe5 Nxe5 12. Re1 d6 13. b4 Bg4 14. h3 Bh5
15. g4 Bg6 16. Bxg6 fxg6 17. c5 Qf7 18. cxd6 Nfxg4 19. hxg4 Nxf3+ 20. Nxf3 Qxf3
21. Qxf3 Rxf3 22. d7 Rd8 23. Rad1 Rf7 24. Re8+ Rf8 25. Re7 Rf7 1/2-1/2

[Event "Xtracon Chess Open 2019"]
[Site "Helsingor DEN"]
[Date "2019.07.21"]
[Round "3.172"]
[White "Henriksen, Morgan"]
[Black "Bredeli, Havard Iversen"]
[Result "1-0"]
[WhiteElo "1683"]
[BlackElo "1397"]
[WhiteFideId "1510495"]
[BlackFideId "1514440"]
[EventDate "2019.07.20"]

1. d4 e6 2. c4 d5 3. Nc3 Nf6 4. Bg5 Nbd7 5. cxd5 exd5 6. Nxd5 c6 7. Nc3 Bb4 8.
Bd2 O-O 9. Nf3 Nb6 10. e3 Bf5 11. Be2 Qc7 12. O-O Bd6 13. Rc1 Ne4 14. Nb5 Qe7
15. Nxd6 Qxd6 16. Be1 Qg6 17. Nh4 Qf6 18. Nxf5 Qxf5 19. Bd3 Qe6 20. Qc2 Nf6 21.
a3 g6 22. Bb4 Rfe8 23. Ba5 Nfd5 24. Bd2 Nf6 25. Rce1 Ne4 26. Ba5 Nd5 27. f3 Nd6
28. Bd2 Rac8 29. e4 Nb6 30. Rc1 Nb5 31. Bxb5 cxb5 32. Qd3 a6 33. d5 Qd7 34. Qd4
Rxc1 35. Rxc1 Nc4 36. Bc3 Ne5 37. f4 f6 38. fxe5 fxe5 39. Qe3 Qg4 40. Ba5 Rf8
41. d6 Rf7 42. h3 Qe6 43. Qc5 Rf4 44. Qd5 Rf6 45. Qxe6+ Rxe6 46. d7 1-0

[Event "Xtracon Chess Open 2019"]
[Site "Helsingor DEN"]
[Date "2019.07.21"]
[Round "3.173"]
[White "Werner, Jakob"]
[Black "Nielsen, Pia"]
[Result "1-0"]
[WhiteElo "1681"]
[BlackElo "1365"]
[WhiteFideId "1426850"]
[BlackFideId "1409700"]
[EventDate "2019.07.20"]

1. d4 d5 2. c4 c6 3. Nc3 Nf6 4. Nf3 Bg4 5. Qb3 b6 6. cxd5 cxd5 7. Ne5 e6 8. Bg5
Be7 9. Bxf6 Bxf6 10. Nxg4 Bxd4 11. Qa4+ Nd7 12. Qxd4 O-O 13. e3 h5 14. Ne5 Nf6
15. Be2 Rc8 16. O-O Re8 17. Rac1 Re7 18. h3 Rec7 19. Ba6 Rb8 20. Nb5 Rxc1 21.
Rxc1 Qf8 22. a3 g5 23. Nc6 Re8 24. Qxf6 e5 25. Nxe5 g4 26. Qg5+ Kh7 27. Qxh5+
Qh6 28. Qxh6+ Kxh6 29. Nxg4+ Kg6 30. Rc6+ Kg5 31. Nd4 f5 32. f4+ Kh4 33. Rh6+
Kg3 34. Nxf5# 1-0

[Event "Xtracon Chess Open 2019"]
[Site "Helsingor DEN"]
[Date "2019.07.21"]
[Round "3.174"]
[White "Hinrichs, Kurt"]
[Black "Larsen, Hans Haagen"]
[Result "0-1"]
[WhiteElo "1225"]
[BlackElo "1680"]
[WhiteFideId "12994057"]
[BlackFideId "1409557"]
[EventDate "2019.07.20"]

1. d4 d6 2. Bf4 g6 3. e3 Bg7 4. Nf3 Bd7 5. h3 Nc6 6. a3 e5 7. dxe5 dxe5 8. Bh2
f5 9. c3 Nh6 10. Bc4 Qe7 11. O-O g5 12. Qd5 O-O-O 13. Be2 g4 14. Nfd2 gxh3 15.
g3 Rhg8 16. Qb3 Be6 17. Qc2 Bf6 18. c4 f4 19. exf4 exf4 20. Nc3 fxg3 21. fxg3
Bh4 22. Nce4 Nd4 23. Qd1 Nhf5 24. Qa4 Nxe2+ 25. Kh1 Nexg3+ 26. Nxg3 Nxg3+ 27.
Bxg3 Rxd2 28. Qxa7 Bxg3 29. Qa8+ Kd7 30. Qa4+ c6 31. Rfd1 Qd6 32. Rxd2 Qxd2 33.
Rd1 Qxd1+ 34. Qxd1+ Kc7 35. Qh5 Bxc4 36. Qxh7+ Kb6 37. Qxh3 Bd5+ 38. Kg1 Be5+
39. Kf2 Rg2+ 40. Kf1 Rxb2 41. Qe3+ Ka6 42. Qxe5 Bc4+ 43. Ke1 Re2+ 44. Qxe2 Bxe2
45. Kxe2 Ka5 46. Kd3 Ka4 47. Kc4 Kxa3 48. Kc5 Ka4 49. Kb6 0-1

[Event "Xtracon Chess Open 2019"]
[Site "Helsingor DEN"]
[Date "2019.07.21"]
[Round "3.175"]
[White "Harders, Poul Erik"]
[Black "Linjord, Anders Jess"]
[Result "1-0"]
[WhiteElo "1676"]
[BlackElo "1222"]
[WhiteFideId "1416251"]
[BlackFideId "1530020"]
[EventDate "2019.07.20"]

1. d4 Nf6 2. c4 d5 3. cxd5 Nxd5 4. e4 Nb6 5. Nf3 Bg4 6. Be2 e6 7. O-O Be7 8. Be3
O-O 9. Nc3 Bxf3 10. Bxf3 Bg5 11. Bxg5 Qxg5 12. e5 c6 13. Ne4 Qd8 14. Nd6 Qd7 15.
Rc1 Nc8 16. Ne4 Nb6 17. Qd2 Na6 18. Rfd1 Rfd8 19. Qg5 Nd5 20. Nf6+ Nxf6 21. exf6
Kf8 22. Qxg7+ Ke8 23. Qg8# 1-0

[Event "Xtracon Chess Open 2019"]
[Site "Helsingor DEN"]
[Date "2019.07.21"]
[Round "3.176"]
[White "Pihl, William"]
[Black "Olsen, Lars Peter Levin"]
[Result "1-0"]
[WhiteElo "1669"]
[BlackElo "1187"]
[WhiteFideId "1467310"]
[BlackFideId "1454102"]
[EventDate "2019.07.20"]

1. e4 c5 2. Nf3 g6 3. d4 e6 4. Bg5 f6 5. Be3 a6 6. dxc5 Qa5+ 7. c3 Bxc5 8. b4
Bxb4 9. cxb4 Qxb4+ 10. Nbd2 Ne7 11. Be2 Nbc6 12. O-O O-O 13. Rb1 Qa5 14. Bb6 Qh5
15. Nc4 d6 16. Nxd6 Bd7 17. Nxb7 Ne5 18. Nxe5 Qxe5 19. Qxd7 Nc8 20. Bc4 Nxb6 21.
Rxb6 1-0

[Event "Xtracon Chess Open 2019"]
[Site "Helsingor DEN"]
[Date "2019.07.21"]
[Round "3.177"]
[White "Johansen, Paul Ivar"]
[Black "Petersen, Jan"]
[Result "0-1"]
[WhiteElo "1205"]
[BlackElo "1660"]
[WhiteFideId "1508024"]
[BlackFideId "1426320"]
[EventDate "2019.07.20"]

1. Nf3 Nf6 2. c4 e6 3. d4 d5 4. Bg5 h6 5. Bxf6 Qxf6 6. cxd5 exd5 7. e3 Bb4+ 8.
Nc3 Qc6 9. Qb3 Bxc3+ 10. Qxc3 Qxc3+ 11. bxc3 Nc6 12. Bb5 Bd7 13. Ne5 Nxe5 14.
Bxd7+ Nxd7 15. Rb1 Nb6 16. Ke2 Rb8 17. Rhc1 Nc4 18. Kd3 b5 19. f3 f5 20. a4 a6
21. axb5 Rxb5 22. Rxb5 axb5 23. Ra1 O-O 24. Ra7 Rc8 25. g4 fxg4 26. fxg4 Nd6 27.
Ra2 Kf7 28. Kc2 Ke7 29. Kb3 Rf8 30. Kb4 Kd7 31. Kc5 Ne4+ 32. Kb4 Rf2 33. Ra6 Rf6
34. Ra8 Kc6 35. Rg8 g5 36. Rb8 Rf1 37. Rh8 Rf6 38. Rb8 Nf2 39. h3 Nxh3 40. Rxb5
Nf2 41. Rc5+ Kd6 42. Ra5 Nxg4 43. Ra6+ c6 44. c4 Nxe3 45. c5+ Kc7 46. Ra7+ Kd8
47. Ra8+ Ke7 48. Ra7+ Kf8 49. Ra8+ Kg7 50. Ra7+ Kg6 51. Re7 Nf5 52. Re8 Nxd4 53.
Rg8+ Kf7 54. Rc8 g4 55. Ra8 g3 56. Kc3 Nf3 57. Ra7+ Ke6 58. Ra2 h5 59. Re2+ Kf5
60. Rg2 Kg4 61. Kd3 Ne1+ 0-1

[Event "Xtracon Chess Open 2019"]
[Site "Helsingor DEN"]
[Date "2019.07.21"]
[Round "3.178"]
[White "Mansoor, Areeb"]
[Black "Warston, Hakan"]
[Result "0-1"]
[WhiteElo "1183"]
[BlackElo "1656"]
[WhiteFideId "1535870"]
[BlackFideId "1717367"]
[EventDate "2019.07.20"]

1. e4 e6 2. d4 d5 3. e5 c5 4. Nf3 Nc6 5. Be3 cxd4 6. Bxd4 Nxd4 7. Qxd4 Qa5+ 8.
Nc3 Bd7 9. a3 Ne7 10. b4 Qd8 11. Bb5 Nc6 12. Bxc6 bxc6 13. O-O Be7 14. Qg4 O-O
15. Ne2 f5 16. exf6 Bxf6 17. Qg3 Bxa1 18. Rxa1 Qf6 19. Rd1 Be8 20. Qe5 Qg6 21.
Qc3 Rc8 22. Ned4 Qf6 23. Re1 Bd7 24. Re2 Qe7 25. Ne5 c5 26. bxc5 Rxc5 27. Qb4
Rfc8 28. Nd3 a5 29. Qb2 R5c7 30. Nf5 Qf8 31. Nd4 Rb8 32. Qc1 Qf6 33. Qf4 Rb1+
34. Re1 Rxe1+ 35. Nxe1 Qxf4 0-1

[Event "Xtracon Chess Open 2019"]
[Site "Helsingor DEN"]
[Date "2019.07.21"]
[Round "3.179"]
[White "Huse, Lars Paul"]
[Black "Olsen, Kim Alex"]
[Result "0-1"]
[WhiteElo "1124"]
[BlackElo "1651"]
[WhiteFideId "1526537"]
[BlackFideId "1406663"]
[EventDate "2019.07.20"]

1. e4 d6 2. Nf3 c5 3. Bc4 h6 4. h3 Nf6 5. Nc3 Nc6 6. d3 a6 7. O-O Na5 8. Bb3
Nxb3 9. axb3 e5 10. Bd2 Be7 11. Re1 O-O 12. Nd5 Nxd5 13. exd5 f5 14. c4 Qe8 15.
Kh2 Qg6 16. Qe2 Bd7 17. Rf1 f4 18. g4 fxg3+ 19. fxg3 Rf7 20. g4 Raf8 21. Be1 h5
22. Nh4 Bxh4 23. Rxf7 Qxf7 24. Bxh4 hxg4 25. hxg4 Qf4+ 26. Kh3 Qh6 27. Kg3 g5
28. Bxg5 Qxg5 29. Rh1 Qf4+ 30. Kh3 Rf7 31. Qe4 Bxg4+ 0-1

[Event "Xtracon Chess Open 2019"]
[Site "Helsingor DEN"]
[Date "2019.07.21"]
[Round "3.181"]
[White "Larsen, Mette Dalsgaard"]
[Black "Rempe, Lennik"]
[Result "1-0"]
[WhiteElo "1637"]
[BlackElo "1147"]
[WhiteFideId "1430718"]
[BlackFideId "16248031"]
[EventDate "2019.07.20"]

1. d4 d5 2. c4 Nf6 3. e3 e6 4. Nf3 Be7 5. Be2 O-O 6. O-O Ne4 7. Qc2 Bd6 8. Nbd2
Nxd2 9. Bxd2 Qf6 10. Rac1 Qh6 11. e4 g5 12. Bxg5 Qh5 13. e5 f6 14. Bxf6 Rxf6 15.
exf6 e5 16. dxe5 Bxe5 17. Nxe5 Qxe5 18. cxd5 Qg5 19. Qxc7 Bh3 20. Qd8+ Kf7 21.
Qe7+ Kg6 22. Qg7+ Kf5 23. Bd3+ Kf4 24. Rc4+ Ke5 25. Qxg5+ Kd6 26. Qf4+ Kd7 27.
Qc7+ Ke8 28. Qe7# 1-0

[Event "Xtracon Chess Open 2019"]
[Site "Helsingor DEN"]
[Date "2019.07.22"]
[Round "4.3"]
[White "Hector, Jonny"]
[Black "Sargissian, Gabriel"]
[Result "0-1"]
[WhiteTitle "GM"]
[BlackTitle "GM"]
[WhiteElo "2487"]
[BlackElo "2681"]
[WhiteFideId "1700090"]
[BlackFideId "13300881"]
[EventDate "2019.07.20"]

1. e4 e5 2. Nf3 Nc6 3. Bc4 Nf6 4. d3 Bc5 5. O-O d6 6. c3 O-O 7. Bb3 h6 8. Re1 a6
9. Nbd2 Be6 10. Nf1 Bxb3 11. Qxb3 Qd7 12. Ng3 Rfe8 13. Be3 Bxe3 14. fxe3 d5 15.
exd5 Nxd5 16. Ne4 b6 17. c4 Nde7 18. Rad1 Nf5 19. Qc3 Rad8 20. b4 Nd6 21. Nf2
Qe6 22. c5 Nf5 23. cxb6 cxb6 24. Qb2 a5 25. b5 Nb8 26. Rc1 Nd7 27. Rc6 Qe7 28.
e4 Nh4 29. Nxh4 Qxh4 30. Qe2 Re6 31. Ng4 Nc5 32. Rxe6 Nxe6 33. Nxe5 Qg5 34. Nf3
Qxb5 35. d4 Nxd4 36. Qxb5 Nxb5 37. Rb1 Nc3 38. Rxb6 Nxe4 39. h4 Rd5 40. Kh2 Nd2
41. Ne1 Rd4 42. Kh3 Re4 43. Nc2 Rc4 44. Ne1 a4 45. Rd6 Ne4 46. Rd8+ Kh7 47. Nd3
Rc3 48. Kh2 a3 49. Rd4 f5 50. Ne5 Rc2 51. Ra4 Rxa2 52. Nc4 Kg6 53. Ra5 f4 54.
Kh3 Nf2+ 55. Kh2 Ng4+ 56. Kh3 Nf2+ 57. Kh2 Ra1 58. g3 a2 59. Kg2 Nd3 60. gxf4
Rc1 61. f5+ Kh7 0-1

[Event "Xtracon Chess Open 2019"]
[Site "Helsingor DEN"]
[Date "2019.07.22"]
[Round "4.4"]
[White "Moiseenko, Alexander"]
[Black "Korley, Kassa"]
[Result "0-1"]
[WhiteTitle "GM"]
[BlackTitle "IM"]
[WhiteElo "2628"]
[BlackElo "2437"]
[WhiteFideId "14102560"]
[BlackFideId "2033801"]
[EventDate "2019.07.20"]

1. d4 d5 2. c4 e6 3. Nc3 Nf6 4. cxd5 exd5 5. Bg5 c6 6. e3 Bd6 7. Bd3 O-O 8. Qc2
h6 9. Bh4 Re8 10. Nge2 a5 11. h3 Na6 12. a3 Nc7 13. O-O Ne6 14. f3 Ng5 15. e4
Nfxe4 16. fxe4 Nxh3+ 17. gxh3 Qxh4 18. Rf2 Bxh3 19. Rd1 Re5 20. dxe5 Bc5 21. Nd4
Bxd4 22. Rd2 Qg3+ 23. Kh1 Bg4 24. Bf1 Bf3+ 25. Bg2 Qh3+ 0-1

[Event "Xtracon Chess Open 2019"]
[Site "Helsingor DEN"]
[Date "2019.07.22"]
[Round "4.13"]
[White "Christiansen, Johan-Sebastian"]
[Black "Hobber, Anders"]
[Result "1-0"]
[WhiteTitle "GM"]
[BlackTitle "FM"]
[WhiteElo "2548"]
[BlackElo "2294"]
[WhiteFideId "1512668"]
[BlackFideId "1505424"]
[EventDate "2019.07.20"]

1. c4 e6 2. g3 d5 3. Bg2 Nf6 4. d4 Bb4+ 5. Nd2 O-O 6. Nf3 c6 7. O-O b6 8. Qc2 a5
9. Rd1 Ba6 10. b3 Nbd7 11. Bb2 Rc8 12. e4 Be7 13. Rac1 Bb7 14. Qb1 a4 15. bxa4
Ra8 16. cxd5 cxd5 17. e5 Ne8 18. Qc2 Nb8 19. Bf1 Nc6 20. Bb5 Na5 21. Bc3 Rc8 22.
Qb1 Nc4 23. Bb4 Nc7 24. Qb3 Nxb5 25. axb5 Bxb4 26. Qxb4 f6 27. Re1 fxe5 28. Nxe5
Nxe5 29. Rxc8 Qxc8 30. Rxe5 Qc2 31. a3 Bc8 32. Kg2 Bd7 33. a4 Be8 34. h4 h6 35.
h5 Qd1 36. Qc3 Qxa4 37. Rxe6 Bxh5 38. Rxb6 Qd1 39. Qe3 Bg4 40. Rg6 Bf5 41. Rc6
Bd7 42. Rc7 Bxb5 43. Re7 Kh8 44. Rb7 Bc4 45. Rb1 Qc2 46. Ra1 Bd3 47. Kg1 Bg6 48.
Nf3 Be4 49. Ne5 Rb8 50. Qe1 Qb2 51. Rd1 Rf8 52. Qe3 Qc2 53. Rf1 Qc8 54. Kh2 Qc2
55. Kg1 Qc8 56. f3 Bh7 57. Kg2 Qc2+ 58. Rf2 Qd1 59. g4 Qb1 60. Re2 Qd1 61. Re1
Qc2+ 62. Kg3 Qb2 63. Rc1 Qb7 64. Rc5 Kg8 65. Nc6 Qc7+ 66. Qe5 Qb7 67. Qe6+ Kh8
68. Qe7 Qa8 69. Ne5 Re8 70. Qd7 1-0

[Event "Xtracon Chess Open 2019"]
[Site "Helsingor DEN"]
[Date "2019.07.22"]
[Round "4.18"]
[White "Nasshan, Dennis"]
[Black "Svane, Rasmus"]
[Result "0-1"]
[WhiteTitle "FM"]
[BlackTitle "GM"]
[WhiteElo "2314"]
[BlackElo "2615"]
[WhiteFideId "4695704"]
[BlackFideId "4657101"]
[EventDate "2019.07.20"]

1. d4 Nf6 2. c4 e6 3. Nf3 d5 4. g3 dxc4 5. Bg2 Bb4+ 6. Bd2 a5 7. O-O O-O 8. Qc2
Bxd2 9. Nbxd2 b5 10. a4 c6 11. Ne5 Nd5 12. Ne4 f6 13. Nf3 Qe7 14. Nfd2 Rd8 15.
b3 cxb3 16. Nxb3 b4 17. Rfe1 Bd7 18. Nec5 Be8 19. e4 Nc3 20. Re3 e5 21. dxe5
fxe5 22. Rxc3 bxc3 23. Qxc3 Nd7 24. Nd3 c5 25. Nxa5 Nb6 26. Bf1 Nxa4 27. Qb3+
Kh8 28. Nc4 Nb6 29. Rxa8 Nxa8 30. Ncxe5 Nc7 31. Qb7 Bb5 32. Nc6 Bxc6 33. Qxc6
Ne6 34. Ne5 Nd4 35. Qb6 Rc8 36. f4 Qc7 37. Qa6 Rf8 38. Bc4 g6 39. h4 Kg7 40. Nd3
Rb8 41. Kf2 Qe7 42. e5 Nf5 43. Qc6 Qd8 44. Qf6+ Qxf6 45. exf6+ Kxf6 46. Nxc5
Rb2+ 47. Kf3 Nd4+ 48. Ke4 Nf5 49. Kf3 Rc2 50. Ne4+ Kg7 51. Bd3 Ra2 52. Nf2 Nd4+
53. Ke3 Nf5+ 54. Kf3 h5 55. Ne4 Ra3 56. Nf2 Nh6 57. Kg2 Kf6 58. Ne4+ Kg7 59. Nf2
Rc3 60. Be2 Nf5 61. Bd3 Nh6 62. Be2 Re3 63. Bf3 Nf5 64. Ne4 Nd4 65. Ng5 Rb3 66.
Kf2 Rb2+ 67. Kf1 Kf6 68. Bg2 Ne2 69. Ne4+ Kf5 0-1